Statistics for World Cities Closest to Buenos Aires

Click here to take the quiz!

General Stats

  • This quiz has been taken 64 times
  • The average score is 11 of 20

Answer Stats

kmcitymiles% Correct
1969Rio de Janeiro1224
98%
1140Santiago708
97%
206Montevideo128
95%
1677São Paulo1042
95%
1043Asunción648
87%
2343Brasília1456
85%
2238La Paz1391
82%
2166Belo Horizonte1346
67%
649Córdoba404
66%
844Porto Alegre525
62%
279Rosario173
61%
1346Curitiba837
51%
986Mendoza613
41%
1235Valparaíso767
41%
1928Santa Cruz1198
34%
1705Campinas1059
25%
1347Concepción837
16%
2192Goiânia1362
16%
2062Cochabamba1282
13%
2385Vitória1483
13%

Score Distribution

Percentile by Number Answered

Percent of People with Each Score

Your Score History

You have not taken this quiz